Aproximación ética a la discapacidad

Guardat en:
Dades bibliogràfiques
Autor principal: Etxeberria, Xabier (Autor)
Format: Llibre
Idioma:espanyol
Publicat: Bilbao Universidad de Deusto 2005
Col·lecció:Etica, 11
Matèries:
Etiquetes: Afegir etiqueta
Sense etiquetes, Sigues el primer a etiquetar aquest registre!

MARC

LEADER 00000nam a2200000 a 4500
001 UCI9659
003 CL-VaPUC
008 081128e20050000SP |||||||||||||||||spa|d
020 |a 8498300185 
082 0 4 |a 362.4  |b ETX  |2 21 
100 |a Etxeberria, Xabier  |e author  |9 438419 
245 1 0 |a Aproximación ética a la discapacidad 
300 |a  150 p 
942 |c BK 
945 |d 20081128 00:00:00  |a jtorresc 
260 |a Bilbao  |b Universidad de Deusto  |c 2005 
650 7 |a DISCAPACITADOS  |2 CL-VaPUC  |9 485708 
650 0 |a Condiciones sociales   |9 257278 
650 0 |a Aspectos morales y éticos   |9 255877 
583 |a last modification  |c 20081128 00:00:00  |k Rodrigo Vera 
490 0 |a Etica, 11 
999 |c 332153  |d 332151 
952 |0 0  |1 0  |4 0  |6 362_400000000000000_ETX_2005  |7 0  |8 A  |9 419584  |a BIBEDU  |b BIBEDU  |d 2019-11-22  |i 4501888  |l 1  |o 362.4 ETX 2005  |p 4501888  |r 2022-09-26  |s 2022-09-26  |w 2019-11-22  |y BK  |k EBA